ARRUPE JESUIT UNIVERSITY

CORONAVIRUS -STOP THE SPREAD - CLEAN,DISINFECT,COVER

Livulu lya shukulu Kalunga (Record no. 119149)

MARC details
000 -LEADER
fixed length control field 00374nam a22001337a 4500
008 - FIXED-LENGTH DATA ELEMENTS--GENERAL INFORMATION
fixed length control field 131210b xxu||||| |||| 00| 0 eng d
050 ## - LIBRARY OF CONGRESS CALL NUMBER
Classification number BS325.M2 1994
100 ## - MAIN ENTRY--PERSONAL NAME
Personal name BSZ
9 (RLIN) 5373
245 ## - TITLE STATEMENT
Title Livulu lya shukulu Kalunga
Statement of responsibility, etc BSZ
260 ## - PUBLICATION, DISTRIBUTION, ETC. (IMPRINT)
Place of publication, distribution, etc Lusaka
Name of publisher, distributor, etc The Bible Society of Zambia
Date of publication, distribution, etc 1994
300 ## - PHYSICAL DESCRIPTION
Extent vi, 392p.;
Other physical details 22cm.
650 ## - SUBJECT ADDED ENTRY--TOPICAL TERM
Topical term or geographic name as entry element Bible
General subdivision Mbunda
9 (RLIN) 5374
942 ## - ADDED ENTRY ELEMENTS (KOHA)
Source of classification or shelving scheme Library of Congress Classification
Item type Monograph ( Printed materials)
Holdings
Withdrawn status Lost status Source of classification or shelving scheme Damaged status Not for loan Home library Current library Date acquired Total Checkouts Full call number Barcode Date last seen Price effective from Koha item type
    Library of Congress Classification     ARRUPE LIBRARY ARRUPE LIBRARY 10/12/2013   BS325.M2 1994 46411815 07/12/2016 10/12/2013 Monograph ( Printed materials)

 

Arrupe Library. PO Box MP320 Mt Pleasant, Harare, Zimbabwe
263 242 745411|librarian@aju.ac.zw